Languages that Are Official In Only Two Countries - Statistics

General Stats
  • This quiz has been taken 72 times
  • The average score is 16 of 18
Answer Stats
Official Languages Countries % Correct
Albanian Albania
100%
Greek Greece
100%
Hindi India
100%
Somali Somalia
100%
Swedish Sweden
100%
Cyprus
98%
Finland
98%
Romanian Romania
98%
Moldova
97%
Kosovo
92%
Berber Algeria
90%
Morocco
89%
Ethiopia
87%
South Africa
84%
Tswana Botswana
80%
Niger
69%
Fiji
67%
Hausa Nigeria
66%
No matching quizzes found
Score Distribution
Percent of People with Each Score
Percentile by Number Answered
Your Score History
You have not taken this quiz